Training materials for agricultural planning N.34 Guidelines on social analysis for rural areas development planning

שמור ב:
מידע ביבליוגרפי
מחבר ראשי: Diane Coneyers
פורמט: ספר
שפה:Undetermined
יצא לאור: Rome FAO 1993
נושאים:
תגים: הוספת תג
אין תגיות, היה/י הראשונ/ה לתייג את הרשומה!
Thư viện lưu trữ: Trung tâm Học liệu Trường Đại học Cần Thơ
LEADER 00614nam a2200193Ia 4500
001 CTU_3665
008 210402s9999 xx 000 0 und d
082 |a 330 
082 |b T768/N.34 
100 |a Diane Coneyers 
245 0 |a Training materials for agricultural planning N.34 
245 0 |b Guidelines on social analysis for rural areas development planning 
245 0 |c Diane Coneyers, FAO 
260 |a Rome 
260 |b FAO 
260 |c 1993 
650 |a country life,economics,training manuals 
904 |i Nguyễn Quang Điền, 960530 
980 |a Trung tâm Học liệu Trường Đại học Cần Thơ